|
|
|
|
| LEADER |
00000nab a2200000 a 4500 |
| 001 |
vtls000325292 |
| 003 |
SK-MaSNL |
| 005 |
20260318140850.0 |
| 008 |
230213c1988 xo 0 eng |
| 015 |
|
|
|a SNBRB19rr/mm-uuuuu
|
| 035 |
|
|
|a CL0325414
|
| 035 |
|
|
|a urn:nbn:sk:snk-abbicq
|
| 035 |
|
|
|a (urnnbn)urn:nbn:sk:snk:ar-0019cf
|
| 035 |
|
|
|a (uuid)6e7dd81c-eb9a-45de-a350-26da101c1341
|
| 040 |
|
|
|a SNKBUCL
|b slo
|c SNKBUCL
|e AACR2
|
| 041 |
0 |
|
|a eng
|
| 044 |
|
|
|a xo
|c SK
|
| 080 |
|
|
|a 577.15:678
|2 1981
|
| 080 |
|
|
|a 678
|2 1981
|
| 100 |
1 |
|
|a Barthová, Jana,
|d 1941-
|4 aut
|9 1166696
|
| 245 |
1 |
4 |
|a The activities of blood and tissue enzymes in mice exposed to combustion products of polymeric materials
|c Jana Barthová, Alena Cibulková, Anton Markoš
|
| 300 |
|
|
|b Tb. 3. Res. češ., rus., lit. 8 zázn. v angl.
|
| 650 |
0 |
7 |
|a enzýmy
|2 snkbucl
|9 2463
|
| 650 |
0 |
7 |
|a plastické látky
|2 snkbucl
|9 375337
|
| 655 |
|
7 |
|a články z novín a časopisov
|2 snkbucl
|9 267496
|
| 700 |
1 |
|
|a Cibulková, Alena
|4 aut
|9 1166697
|
| 700 |
1 |
|
|a Markoš, Anton,
|d 1949-
|4 aut
|9 104892
|
| 773 |
0 |
|
|t Biológia
|g Roč. 43, č. 4 (1988), s. 305-310
|
| 850 |
|
|
|a Slovenská národná knižnica v Martine
|a MTA001
|
| 852 |
|
|
|a SNK
|b KIS3GCP
|
| 954 |
|
|
|a odborná, vedecká literatúra cudzojazyčná (svetová)
|2 lita
|
| 958 |
|
|
|a OND
|
| 958 |
|
|
|a NB
|
| 958 |
|
|
|a RK
|
| 958 |
|
|
|a MI
|
| 958 |
|
|
|a EUIPO
|
| 958 |
|
|
|a article15
|
| 992 |
|
|
|a RBX
|
| 999 |
|
|
|c 1998751
|d 2000681
|